| 000 | 00727cab a2200229 4500 | ||
|---|---|---|---|
| 001 | ABS43194 | ||
| 008 | 090401t1990 xxu||||| |||| 00| 0 eng d | ||
| 035 | _a(Sirsi) u40729 | ||
| 041 | _aeng | ||
| 100 | _aHeryet, B.J. | ||
| 245 | 4 | _aThe extent of building societies involvement in commercial property lending | |
| 260 | _c1990 | ||
| 350 | _a0 | ||
| 490 |
_aJournal of Property Finance _v1(1) Summer 1990, 61-68(8) |
||
| 520 | _aSets out building societies ` increasingly sympathetic policy towards lending on commercial property . | ||
| 650 | _aCOMMERCIAL MORTGAGES | ||
| 650 | _aLENDING | ||
| 650 | _aPROPERTY FINANCE | ||
| 690 | _aPROPERTY-PROPERTY FINANCE AND INVESTMENT | ||
| 942 | _n0 | ||
| 948 | _c04/03/1997 | ||
| 999 |
_c26101 _d26101 |
||